000 00366 a2200133 4500
005 20250623073613.0
020 _a0-17-431-095-1
082 _aLM 668 WOL
100 _aWOLCHOVER, J. D.
245 _aDesign and Technology in Metal and Plastics: Book One
260 _aWindmill Road,
_bThomas Nelson,
_c1977.
300 _a95p.: ill.; picture
_c22cm.
942 _2ddc
_cBKS
999 _c4240
_d4240